One Piece: Characters based on real people #1 - Statistics

General Stats
  • This quiz has been taken 59 times
  • The average score is 9 of 16
Answer Stats
Picture Hint Answer % Correct
Albert Einstein Vegapunk
87%
Al Capone Capone Bege
81%
Eminem Eneru
67%
Tim Curry Emporio Ivankov
65%
Twiggy Miss Valentine
65%
Mick Foley Spandam
65%
Yusaku Matsuda Aokiji
63%
Kunie Tanaka Kizaru
63%
Hugo Boss model Paulie
58%
Jim Carrey Franky
56%
Lenny Kravitz Mr. 5
54%
Uma Thurman Shakky
44%
Harvey Keitel Rob Lucci
42%
Steve Tyler Jango
40%
Mikhail Gorbachev Topman Warcury
40%
Valentino Rossi Trafalgar D. Law
35%
No matching quizzes found
Score Distribution
Percent of People with Each Score
Percentile by Number Answered
Your Score History
You have not taken this quiz